000 00927nam a2200289 i 4500
001 000020449
003 DO-SdBNP
005 20260417094445.0
007 ta
008 100813s2016 dr a 000 j spa d
020 _a9789945902334
040 _aDO-SdBNP
_bspa
_cBNPHU
_erda
041 _aspa
082 4 _aRD863.5
_bV872n
_222
245 0 0 _aVoces del norte :
_brelatos y poemas del certamen para talleres literarios Región Norte.
264 4 _aSanto Domingo, República Dominica :
_bEditora Nacional,
_c©2016.
300 _a105 páginas :
_bilustraciones ;
_c23 cm.
336 _atexto
_btxt
_2rdacontent
337 _asin mediación
_bn
_2rdamedia
338 _avolumen
_bnc
_2rdacarrier
590 _aInventariado, 2019/BT
650 0 _aCuentos dominicanos
_9176
650 0 _aPoesía dominicana
_966
650 0 _aLiteratura dominicana.
_967
910 _aValidado. Control de calidad MFF
942 _2ddc
_cLBS1
999 _c19953
_d19953